El México desconocido (Record no. 2413)

MARC details
000 -CABECERA
campo de control de longitud fija 00872nam a2200229 a 4500
001 - NÚMERO DE CONTROL
campo de control BRCA_2673
005 - FECHA Y HORA DE LA ÚLTIMA TRANSACCIÓN
campo de control 20190320203922.0
008 - DATOS DE LONGITUD FIJA--INFORMACIÓN GENERAL
campo de control de longitud fija 021208s1904----nyua---###---#000-0#spa-u
050 #4 - SIGNATURA TOPOGRÁFICA DE LA BIBLIOTECA DEL CONGRESO
Número de clasificación F1211.L9
Número de documento/Ítem .L94 1904
100 1# - ENTRADA PRINCIPAL--NOMBRE DE PERSONA
Nombre de persona Lumholtz, Carl Sofus
Fechas asociadas al nombre 1851-1922
9 (RLIN) 7584
245 10 - MENCIÓN DE TÍTULO
Título El México desconocido
Resto del título cinco años de exploración entre las tribus de la Sierra Madre occidental, en la tierra caliente de Tepic y Jalisco, y entre los tarascos de Michoacán
Mención de responsabilidad, etc. por Carl Lumholtz ; tr. por Balbino Dávalos.
260 ## - PUBLICACIÓN, DISTRIBUCIÓN, ETC.
Lugar de publicación, distribución, etc. New York
Nombre del editor, distribuidor, etc. Charles Scribner´s Sons
Fecha de publicación, distribución, etc. 1904
300 ## - DESCRIPCIÓN FÍSICA
Extensión 2 v.
Otras características físicas il. (algunas a color), mapas
Dimensiones 25 cm.
500 ## - NOTA GENERAL
Nota general B9
650 14 - PUNTO DE ACCESO ADICIONAL DE MATERIA--TÉRMINO DE MATERIA
Término de materia o nombre geográfico como elemento de entrada Viajeros noruegos
9 (RLIN) 7585
650 14 - PUNTO DE ACCESO ADICIONAL DE MATERIA--TÉRMINO DE MATERIA
Término de materia o nombre geográfico como elemento de entrada Indios de México
9 (RLIN) 7586
650 14 - PUNTO DE ACCESO ADICIONAL DE MATERIA--TÉRMINO DE MATERIA
Término de materia o nombre geográfico como elemento de entrada Tarascos
9 (RLIN) 7587
651 #4 - PUNTO DE ACCESO ADICIONAL DE MATERIA--NOMBRE GEOGRÁFICO
Nombre geográfico México
Subdivisión general Descripción y viajes
9 (RLIN) 103
700 1# - PUNTO DE ACCESO ADICIONAL--NOMBRE DE PERSONA
Nombre de persona Dávalos, Balbino
Término indicativo de función/relación tr
9 (RLIN) 7588
902 ## - CATALOGADOR
Iniciales GFM
942 ## - ELEMENTOS DE PUNTO DE ACCESO ADICIONAL (KOHA)
Fuente del sistema de clasificación o colocación Library of Congress Classification
Tipo de ítem Koha Libros
Holdings
Estado de retiro Estado de pérdida Estado dañado No para préstamo Localización permanente Ubicación/localización actual Fecha de adquisición Número de inventario Total de préstamos Signatura topográfica completa Código de barras Fecha visto por última vez Precio válido a partir de Tipo de ítem Koha
El ejemplar forma parte de la colección y puede ser consultado según las políticas vigentes.       Biblioteca del Museo Franz Mayer (Rogerio Casas-Alatriste) Biblioteca del Museo Franz Mayer (Rogerio Casas-Alatriste) 02/12/2008 B9   F1211.L9 .L94 1904 (B9) 2670 22/03/2019 22/03/2019 Libros